English made easy : (Record no. 1412)

MARC details
000 -LEADER
fixed length control field 01467cam a2200373 a 4500
005 - DATE AND TIME OF LATEST TRANSACTION
control field 20260322212059.0
008 - FIXED-LENGTH DATA ELEMENTS--GENERAL INFORMATION
fixed length control field data
010 ## - LIBRARY OF CONGRESS CONTROL NUMBER
LC control number 2006282280
020 ## - INTERNATIONAL STANDARD BOOK NUMBER
International Standard Book Number 0804837368 (v. 1 : pbk.)
020 ## - INTERNATIONAL STANDARD BOOK NUMBER
International Standard Book Number 0804837457 (v. 2 : pbk.)
020 ## - INTERNATIONAL STANDARD BOOK NUMBER
International Standard Book Number 9780804837361 (v. 1 : pbk.)
020 ## - INTERNATIONAL STANDARD BOOK NUMBER
International Standard Book Number 9780804837453 (v. 2 : pbk.)
024 3# - OTHER STANDARD IDENTIFIER
Standard number or code 9780804837361
Additional codes following the standard number or code 51595
040 ## - CATALOGING SOURCE
Original cataloging agency JFN
Transcribing agency JFN
Modifying agency DLC
-- GK8
-- DLC
042 ## - AUTHENTICATION CODE
Authentication code lccopycat
050 00 - LIBRARY OF CONGRESS CALL NUMBER
Classification number PE1128
Item number .C773 2006
082 04 - DEWEY DECIMAL CLASSIFICATION NUMBER
Classification number 428.1
Edition information 22
092 ## - LOCALLY ASSIGNED DEWEY CALL NUMBER (OCLC)
Classification number 428.1 C773 2006
001 - CONTROL NUMBER
control field data
100 1# - MAIN ENTRY--PERSONAL NAME
Personal name Crichton, Jonathan.
245 10 - TITLE STATEMENT
Title English made easy :
Remainder of title learning English through pictures /
Statement of responsibility, etc. Jonathan Crichton & Pieter Koster.
246 30 - VARYING FORM OF TITLE
Title proper/short title Learning English through pictures
246 30 - VARYING FORM OF TITLE
Title proper/short title English through pictures
260 ## - PUBLICATION, DISTRIBUTION, ETC.
Place of publication, distribution, etc. North Clarendon, VT :
Name of publisher, distributor, etc. Tuttle,
Date of publication, distribution, etc. c2006-
300 ## - PHYSICAL DESCRIPTION
Extent v. <1> :
Other physical details col. ill. ;
Dimensions 28 cm.
500 ## - GENERAL NOTE
General note Includes index.
650 #0 - SUBJECT ADDED ENTRY--TOPICAL TERM
Topical term or geographic name entry element English language
Form subdivision Textbooks for foreign speakers.
650 #0 - SUBJECT ADDED ENTRY--TOPICAL TERM
Topical term or geographic name entry element English language
Form subdivision Problems, exercises, etc.
-- Problems, exercises, etc.
650 #0 - SUBJECT ADDED ENTRY--TOPICAL TERM
Topical term or geographic name entry element Vocabulary
Form subdivision Problems, exercises, etc.
650 #0 - SUBJECT ADDED ENTRY--TOPICAL TERM
Topical term or geographic name entry element Life skills
Form subdivision Problems, exercises, etc.
700 1# - ADDED ENTRY--PERSONAL NAME
Personal name Koster, Pieter.
856 42 - ELECTRONIC LOCATION AND ACCESS
Materials specified Contributor biographical information
Uniform Resource Identifier <a href="http://www.loc.gov/catdir/enhancements/fy0828/2006282280-b.html">http://www.loc.gov/catdir/enhancements/fy0828/2006282280-b.html</a>
856 42 - ELECTRONIC LOCATION AND ACCESS
Materials specified Publisher description
Uniform Resource Identifier <a href="http://www.loc.gov/catdir/enhancements/fy0828/2006282280-d.html">http://www.loc.gov/catdir/enhancements/fy0828/2006282280-d.html</a>
Holdings
Withdrawn status Lost status Damaged status Not for loan Home library Current library Shelving location Date acquired Total checkouts Full call number Barcode Date last seen Price effective from Koha item type
        Pleasant Valley Pleasant Valley General stacks 22/03/2026   428.1 22 BC0011459 22/03/2026 22/03/2026 Books